00375nam a2200157 a 450000100060000000300090000600800410001502000150005604000280007108200100009910000190010924500130012826000430014130000100018465000230019417522CO-ViMGA141112s2004 ck r 000 u spa d a8488342276 aCO-ViMGAbspacCO-ViMGA04aHERun1 aHerbauts, Anne10aUna nube aMadríd (España), cKokinos, c2000 a26.p.14aCUENTOS INFANTILES